Etiquette Rules - Statistics

General Stats
  • This quiz has been taken 30 times
  • The average score is 4 of 11
Answer Stats
Hint Answer % Correct
You should always arrive ____ in Mexico. Late
92%
You can't turn your ____ to people in Russia. Back
76%
The ___ should enter the restaurant first in Italy. Man
76%
Don't eat with your ____ ____ in India. Left Hand
40%
In Japan, it is rude to rub your __________ together. Chopsticks
32%
_______ in public is socially acceptable in Iceland. Burping
24%
Don't check ___ ____ while talking in Saudi Arabia. The Time
20%
In Ukraine, the host has to ___. Pay
8%
In Italy, never put ________ on pizza. Parmesan
4%
Never show your ______ in Mongolia Wrists
4%
_______ is also rude in Japan. Tipping
0%
No matching quizzes found
Score Distribution
Percent of People with Each Score
Percentile by Number Answered
Your Score History
You have not taken this quiz